| 000 | 01000nam0a22002531 4500 | ||
|---|---|---|---|
| 001 | rc\250536 | ||
| 005 | 20250621015418.0 | ||
| 010 |
_a5-230-14750-4 _9300 |
||
| 035 | _a(NLR Aleph) 005509911 | ||
| 090 |
_a5395525 _c5395525 |
||
| 100 | _a20030307d1990 |||y0rusy50 ca | ||
| 101 | 0 | _arus | |
| 102 | _aRU | ||
| 105 | _aa ||||||||| | ||
| 200 | 1 |
_aПроектирование технологических процессов швейных предприятий _e[Учеб. пособие] _fВ.Е. Романов, К.В. Князева, И.Н. Маркова, Н.Н. Раздомахин _gЛенингр. ин-т текстил. и лег. пром-сти им. С.М. Кирова |
|
| 210 |
_aЛ. _cЛИТЛП _d1990 |
||
| 215 |
_a83, [1] с. _cил. _d21 |
||
| 320 | _aБиблиогр.: с. 83 (12 назв.) | ||
| 701 | 1 |
_aРоманов _bВ.Е. _gВиктор Егорович |
|
| 801 | 0 |
_aRU _bNLR _gpsbo |
|
| 801 | 1 |
_aRU _bELAR _2rusmarc |
|
| 852 |
_aNLR _j91-4/5333 |
||
| 942 | _cBOOK | ||
| 980 | _aNB | ||